000 00329nam a2200133Ia 4500
100 _aKress/Rogers Erika
942 _cBK
654 _aELECTRONICS
245 _aHandbook of Biosensors and Electronic Noses : Medicine ford & the envionmnet
260 _bCRC
_aNONE
_c1997
300 _a695
546 _aENGLISH
999 _c21692
_d21692